| 000 | 00627nam a2200169 a 4500 | ||
|---|---|---|---|
| 008 | 130826s2002 ||||||||||||||||| || u | ||
| 020 | _a9780122578557 | ||
| 050 | _aGB 1003.2 Fit | ||
| 100 | _aFitts, Charles R | ||
| 245 | 1 | 0 |
_aGroundwater science _cBy Charles R. Fitts |
| 260 |
_aAmsterdam: _bAcademic Press _c2002 |
||
| 300 | _axiv, 450p.: ill. | ||
| 500 | _aincludes bibliography | ||
| 650 | _aGROUNDWATER--TEXTBOOKS | ||
| 650 | _aGROUNDWATER ECOLOGY--TEXTBOOKS | ||
| 995 |
_FCBU-MAIN LIBRARY (Kitwe) _M1 _UAVAILABLE _WSep 13, 2013 _ZMain Library Open Access Collection |
||
| 999 |
_c44979 _d44979 |
||